| 000 | 01555nam0a2200349 4500 | ||
|---|---|---|---|
| 001 | RU\NLR\bibl\608153 | ||
| 005 | 20250610143552.0 | ||
| 020 |
_aRU _b04-17931 _9Летопись авторефератов диссертаций |
||
| 021 |
_aRU _b2004-16355а _9655а |
||
| 035 | _a(NLR Aleph) 000600067 | ||
| 090 |
_a1766582 _c1766582 |
||
| 100 | _a20041110d2004 |||y0rusy50 ca | ||
| 101 | 0 | _arus | |
| 102 | _aRU | ||
| 105 | _aa dm ||||| | ||
| 200 | 1 |
_aВыявление наркотических веществ группы опиатов методом иммуноферментного анализа при гнилостной трансформации трупа _eСпец. 14.00.24 _fАсташкина Ольга Генриховна _g[Моск. гос. мед.-стоматол. ун-т МЗ РФ] |
|
| 210 |
_aМ. _d2004 |
||
| 215 |
_a25 с. _cил. _d21 |
||
| 320 | _aБиблиогр.: с. 24-25 (8 назв.) | ||
| 675 |
_a340.6:616-092 _v3 _zrus |
||
| 686 |
_a10 _2rugasnti |
||
| 686 |
_a67.0 _2rubbk |
||
| 686 |
_a14.00.24 _2oksvnk |
||
| 700 | 1 |
_aАсташкина _bО. Г. _gОльга Генриховна _4070 |
|
| 801 | 0 |
_aRU _bRKP _c20041110 _gPSBO |
|
| 801 | 1 |
_aRU _bRKP _c20041110 |
|
| 801 | 2 |
_aRU _bNLR _c20050419 _grcr |
|
| 942 | _cBOOK | ||
| 980 | _aNB | ||
| 981 | 1 | 0 |
_a(10) Авторефераты _b(10) 14.00.00 Медицинские науки _b14.03.00 Медико-биологические науки _b14.03.05 Судебная медицина |